Classifica Marcatori La Liga 2023-2024 - Statistics

Statistiche generali
  • Questo quiz è stato fatto 35 volte
  • Il punteggio medio è 9 su 14
Statistiche sulle risposte
Gol Nazione Squadra Calciatore % Corretto
16 Francia At. Madrid Antoine Griezmann
100%
15 Brasile Real Madrid Vinícius Júnior
100%
19 Inghilterra Real Madrid Jude Bellingham
97%
19 Polonia Barcellona Robert Lewandowski
97%
12 Ghana Ath. Bilbao Iñaki Williams
90%
24 Ucraina Girona Artem Dovbyk
79%
15 Spagna At. Madrid Álvaro Morata
76%
23 Norvegia Villareal Alexander Sørloth
72%
16 Marocco Siviglia Youssef En-Nesyri
55%
17 Croazia Osasuna Ante Budimir
48%
13 Spagna Valencia Hugo Duro
31%
15 Spagna Getafe Borja Mayoral
21%
13 Norvegia Celta Vigo Jørgen Strand Larsen
21%
14 Spagna Ath. Bilbao Gorka Guruzeta
17%
Nessun quiz corrispondente trovato
Distribuzione punteggi
Percentuale di utenti per punteggio
Percentile per numero di risposta
I tuoi punteggi nel tempo
Non hai fatto questo quiz